000 00490nam a2200145Ia 4500
008 231129s2002||||xx |||||||||||||| ||spa||
020 _a18-0234-7
040 _bspa
082 _a341.77 S471
100 _aSeminario Verdad Justicia y Reparación: Corte Penal Internacional (Noviembre 19 al 22 de 2001)
245 0 _aVerdad justicia y reparación Corte Penal Internacional
260 _c2002
264 _aLa Vicepresidencia
942 _2ddc
_cBKS
999 _c26185
_d26185